Most Votes for US President Quiz Stats

Quiz Updated Jan 20, 2017

Challenge
Share
Tweet
Embed
Score 0/14 Timer 03:00
13 Plays Today
Total Votes Politician % Correct
135,356,557Barack Obama
98.5%
112,496,612George W. Bush
98.4%
87,990,479George H.W. Bush
98.3%
90,500,029Bill Clinton
97%
65,844,610Hillary Clinton
96.5%
98,359,228Ronald Reagan
95%
113,063,548Richard Nixon
90.8%
Total Votes Politician % Correct
62,979,879Donald Trump
89.8%
103,512,485Franklin D. Roosevelt
88.3%
76,314,646Jimmy Carter
85.8%
69,526,706Dwight D. Eisenhower
76%
60,932,152Mitt Romney
55.4%
59,934,814John McCain
54.6%
59,028,439John Kerry
47.5%

You're not logged in!

Compare scores with friends on all Sporcle quizzes.
Sign Up with Email
OR
Log In

You Might Also Like...

Show Comments

Extras

Top Quizzes Today


Score Distribution

Your Account Isn't Verified!

In order to create a playlist on Sporcle, you need to verify the email address you used during registration. Go to your Sporcle Settings to finish the process.